All Detroit Pistons (Ever) - Statistics

General Stats
  • This quiz has been taken 78 times
  • The average score is 50 of 397
Answer Stats
Jersey # School Answer % Correct
Eastern Michigan Charles Thomas
87%
Indiana Isiah Thomas
87%
50 Detroit Terry Thomas
87%
Virginia Union Ben Wallace
82%
Virginia Union Ben Wallace
82%
Syracuse John Wallace
82%
North Carolina Rasheed Wallace
82%
36 North Carolina Rasheed Wallace
82%
4 McNeese St Joe Dumars
76%
Texas Tech Darvin Ham
71%
Connecticut Andre Drummond
69%
Connecticut Andre Drummond
69%
Colorado Chauncey Billups
69%
Westchester HS Amir Johnson
66%
East Texas St Lee Johnson
66%
Minnesota Ron Johnson
66%
Baylor Vinnie Johnson
66%
Notre Dame Bill Laimbeer
61%
Ohio St Jim Smith
61%
Maryland Joe Smith
61%
North Carolina Kenny Smith
61%
Texas A&M Vernon Smith
61%
Connecticut Rip Hamilton
58%
UCLA Roy Hamilton
58%
Detroit Jermaine Jackson
56%
SE Oklahoma St Dennis Rodman
53%
Kentucky Tayshaun Prince
52%
Bowling Green Cliff Williams
50%
55 Winston-Salem Earl Williams
50%
Duke Grant Hill
50%
Georgetown Jerome Williams
50%
Baylor Michael Williams
50%
Georgetown Greg Monroe
42%
Massachusetts Lou Roe
42%
Georgetown Allen Iverson
40%
Albany Charles Jones
40%
Houston Damon Jones
40%
Nevada Edgar Jones
40%
Albany Major Jones
40%
Villanova Wali Jones
40%
Northwestern Willie Jones
40%
St. Bonaventure Bob Lanier
37%
North Carolina Jerry Stackhouse
37%
Georgia Tech John Salley
37%
Tulsa Steve Harris
35%
Syracuse Dave Bing
34%
Serbia & Montenegro Darko Milicic
32%
Jackson St. Lindsey Hunter
32%
Jackson St. Lindsey Hunter
32%
Georgia Litterial Green
29%
Michigan Rickey Green
29%
UNLV Sidney Green
29%
84 Michigan Chris Webber
27%
Connecticut Cliff Robinson
27%
UNLV Jackie Robinson
27%
DePaul Mark Aguirre
27%
DePaul Mark Aguirre
27%
Duquesne Mike James
27%
40 Virginia Tech Wayne Robinson
27%
Virginia Tech Wayne Robinson
27%
Notre Dame Adrian Dantley
26%
Arkansas Corliss Williamson
26%
38 Glynn Academy HS Kwame Brown
26%
Murray St Marcus Brown
26%
Kansas Roger Brown
26%
Providence Jimmy Walker
24%
Mt. Zion Academy (HS) Tracy McGrady
24%
Clemson Dale Davis
23%
North Carolina Hubert Davis
23%
Washington James Edwards
23%
Colorado Jim Davis
23%
Georgia Southern Michael Curry
23%
54 Villanova Howard Porter
21%
1 St. Francis Kevin Porter
21%
St. Francis Kevin Porter
21%
Arkansas Oliver Miller
21%
Hampton Rick Mahorn
21%
Eastern Washington Rodney Stuckey
21%
Alabama Antonio McDyess
19%
42 Villanova Chris Ford
19%
Eastern Michigan Grant Long
19%
Houston Greg Anderson
19%
Arkansas Isiah Morris
19%
Detroit John Long
19%
Notre Dame Kelly Tripucka
19%
Turkey Mehmet Okur
19%
Wake Forest Paul Long
19%
Wake Forest Paul Long
19%
Connecticut Ben Gordon
18%
Connecticut Ben Gordon
18%
Kentucky Brandon Knight
18%
Detroit Dave DeBusschere
18%
Old Dominion Mark West
18%
Dayton Negele Knight
18%
3 Arkansas Alvin Robertson
16%
Wyoming Fennis Dembo
16%
Arizona St. Joe Caldwell
16%
Georgia Tech Jon Barry
16%
41 Detroit Terry Tyler
16%
Maryland Ben Coleman
15%
North Carolina Bob McAdoo
15%
Nevada David Wood
15%
Syracuse Derrick Coleman
15%
Georgia Jarvis Hayes
15%
LaSalle Ralph Lewis
15%
LaSalle Ralph Lewis
15%
52 Idaho St Steve Hayes
15%
Michigan Terry Mills
15%
18 Mississippi St Bailey Howell
13%
South Florida Chucky Atkins
13%
South Florida Chucky Atkins
13%
Michigan George Lee
13%
Texas A&M Khris Middleton
13%
Whitworth Phil Jordan
13%
New Mexico St Reggie Jordan
13%
Oregon Ron Lee
13%
Tennessee Allan Houston
11%
Connecticut Charlie Villanueva
11%
Wake Forest Danny Young
11%
12 Stanford George Yardley
11%
Cincinnati Jason Maxiell
11%
Texas Tech Jeff Taylor
11%
Sweden Jonas Jerebko
11%
Hargrave Academy Korleone Young
11%
St. Josephs Norman Black
11%
0 Notre Dame Orlando Woolridge
11%
Austin Peay Otis Howard
11%
Portland Ray Scott
11%
Portland Ray Scott
11%
Charlotte Rodney White
11%
Mississippi Terrico White
11%
Illinois St Bubbles Hawkins
10%
Georgia Damien Wilkins
10%
Clemson Elden Campbell
10%
Indiana Kent Benson
10%
Budapest AEH Kornel David
10%
Rice Ricky Pierce
10%
00 Ohio St. Tony Campbell
10%
Western Michigan Walker D. Russell
10%
Western Michigan Walker D. Russell
10%
Jacksonville St Walker Russell Jr
10%
Arizona Bison Dele
8%
Northwestern Don Adams
8%
Illinois Don Ohl
8%
North Carolina Eric Montross
8%
21 Maryland Gene Shue
8%
VCU Gerald Henderson
8%
Georgia Kentavious Caldwell-Pope
8%
Missouri Larry Drew
8%
Virginia Olden Polynice
8%
Virginia Olden Polynice
8%
Providence Otis Thorpe
8%
Michigan St Ralph Simpson
8%
Wyoming Theo Ratliff
8%
North Texas Tony Mitchell
8%
23 Seton Hall Walter Dukes
8%
Georgia Tech Will Bynum
8%
28 UCLA Arron Afflalo
6%
Gonzaga Austin Daye
6%
Argentina Carlos Delfino
6%
53 Wichita St Cliff Levingston
6%
Boston College Dana Barros
6%
Kansas Danny Manning
6%
Maynard Evans HS Darryl Dawkins
6%
Detroit Earl Cureton
6%
UNLV Earl Evans
6%
St. Bonaventure George Carter
6%
Oklahoma City Hub Reed
6%
Baltimore Isiah Wilson
6%
Louisville Jim Price
6%
Duke Johnny Dawkins
6%
Duke Kyle Singler
6%
Arizona St Lionel Hollins
6%
Texas Maurice Evans
6%
20 Notre Dame Ron Reed
6%
Indiana Scott May
6%
Purdue Terry Dischinger
6%
43 Purdue Terry Dischinger
6%
Central Michigan Ben Poquette
5%
Oak Hill Academy Brandon Jennings
5%
Florida International Carlos Arroyo
5%
NC State Chuck Nevitt
5%
UCLA Curtis Rowe
5%
Central Michigan Dan Roundfield
5%
Arizona Eric Money
5%
Arizona Eric Money
5%
Michigan St Greg Kelser
5%
Spain Jose Calderon
5%
Arizona Khalid Reeves
5%
Grambling Larry Wright
5%
45 Michigan St Lindsay Hairston
5%
Temple Mark Macon
5%
Providence Marvin Barnes
5%
Michigan St Mateen Cleaves
5%
Nebraska Mikki Moore
5%
Pan American Otto Moore
5%
35 Pan American Otto Moore
5%
West Virginia St Ron Moore
5%
Kansas Scot Pollard
5%
Arkansas Scott Hastings
5%
Kansas St Steve Henson
5%
8 Western Kentucky Tom Marshall
5%
Tulsa Tracy Moore
5%
Clemson Tree Rollins
5%
Memphis William Bedford
5%
Memphis William Bedford
5%
Memphis William Bedford
5%
39 Yugoslavia Zeljko Rebraca
5%
Minnesota Archie Clark
3%
Syracuse Billy Owens
3%
Florida St Bob Sura
3%
Purdue Brian Cardinal
3%
Fullerton St. Cedric Ceballos
3%
Duke Christian Laettner
3%
Maryland Chris Wilcox
3%
Arkansas Corey Beck
3%
UCLA David Greenwood
3%
Georgetown Don Reid
3%
14 Seattle Edwin Miles
3%
Wyoming Eric Leckner
3%
Miami, OH Fred Foster
3%
Toledo George Patterson
3%
Mississippi Gerald Glass
3%
William Paterson Horace Jenkins
3%
Louisiana Tech Jackie Moreland
3%
Iona Jeff Ruland
3%
Minnesota Jim Brewer
3%
South Carolina Jim Fox
3%
Maryland Juan Dixon
3%
NC State Kenny Carr
3%
Michigan Loy Vaught
3%
Italy Luigi Datome
3%
Kansas Mark Randall
3%
Guilford M.L. Carr
3%
Kansas Paul Mokeski
3%
Louisville Peyton Siva
3%
Michigan Phil Hubbard
3%
Wake Forest Randolph Childress
3%
19 None Reggie Harding
3%
West Virginia Rod Thorn
3%
Shaw Ronald "Flip" Murray
3%
Arizona Sean Elliott
3%
Irvine Tod Murphy
3%
South Carolina Tom Owens
3%
Indiana Tom Van Arsdale
3%
Pepperdine Tony Fuller
3%
Missouri Al Eberhard
2%
Pepperdine Alex Acker
2%
Massachusetts Al Skinner
2%
Central Michigan Ben Kelso
2%
Central Michigan Ben Kelso
2%
Boston College Bill Curley
2%
St. Louis Bob Ferry
2%
Georgia Tech Brooke Steppe
2%
UCLA Charles OBannon
2%
Bowling Green Cornelius Cash
2%
NC State Cozell McQueen
2%
Georgetown DaJuan Summers
2%
Bradley David Thirdkill
2%
Detroit Dennis Boyd
2%
15 St. Johns Dick McGuire
2%
Pikeville Donnis Butcher
2%
West Virginia St Earl Lloyd
2%
Marquette Earl Tatum
2%
Marquette Earl Tatum
2%
McNeese St Ed Lawrence
2%
Virginia Gus Gerard
2%
30 Bowling Green Harold Komives
2%
Georgia Tech Ivano Newbill
2%
UCLA James Wilkes
2%
Kent St Jim Zoet
2%
Virginia John Crotty
2%
25 Providence John Egan
2%
Auburn John Mengelt
2%
34 Notre Dame John Shumate
2%
Temple Juan "Pepe" Sanchez
2%
Arizona Jud Buechler
2%
Weber St Justus Thigpen
2%
Iowa St Kelvin Cato
2%
St. Johns Kevin Loughery
2%
Arizona St Kurt Nimphius
2%
Texas Lance Blanks
2%
13 Alabama Leon Douglas
2%
Washington Lorenzo Romar
2%
St. Johns Malik Sealy
2%
Illinois Marcus Liberty
2%
Drake McCoy McLemore
2%
SC Upstate Mike Gibson
2%
Michigan St Mike Peplowski
2%
Kentucky Nazr Mohammed
2%
Utah Pace Mannion
2%
North Carolina Pete Chilcutt
2%
Rutgers Phil Sellers
2%
Yugoslavia Ratko Varda
2%
NC State Sidney Lowe
2%
Fordham Smush Parker
2%
UNLV Stacey Augmon
2%
Illinois Steve Bardo
2%
Toledo Steve Mix
2%
Detroit Terry Duerod
2%
Baylor Terry Teagle
2%
Ukraine Viacheslav Kravtsov
2%
Indiana Walt Bellamy
2%
Temple Aaron McKie
0%
Michigan Alan Hardy
0%
Loyola Andre Wakefield
0%
Houston Anthony Goldwire
0%
Indiana Archie Dees
0%
10 Bradley Barney Cable
0%
Michigan Bill Buntin
0%
6 Detroit Bill Ebben
0%
31 Southern Cal Bill Hewitt
0%
Vanderbilt Bill Ligon
0%
9 Hofstra Bill Thieben
0%
St. Bonaventure Billy Kenville
0%
Colgate Bob Duffy
0%
Tennessee Bob Hogsett
0%
17 Washington Bob Houbregs
0%
Morehead St Bob McCann
0%
33 Hawaii Bob Nash
0%
St. Louis Bob Niemann
0%
Xavier Bob Quick
0%
Pepperdine Bob Warlick
0%
2 Ohio St Brad Sellers
0%
Louisville Bud Olson
0%
S. Illinois Charles Vaughn
0%
Senegal Cheikh Samb
0%
Louisville Chuck Nobel
0%
Duke Corey Magette
0%
Idaho St Dale Wilkinson
0%
Belmont Dan Doyle
0%
Fordham Danny O'Sullivan
0%
California Darral Imhoff
0%
Oregon St Dave Gambee
0%
7 Indiana St Dick Atha
0%
22 Indiana Dick Farley
0%
Marquette Don Kojis
0%
Detroit Dorie Murrey
0%
Minnesota Doug Bolstorff
0%
Fordham Ed Conlin
0%
51 San Francisco Erwin Mueller
0%
St. Bonaventure Essie Hollis
0%
Fresno St Gary Alcorn
0%
26 Houston George Reynolds
0%
Long Beach St George Trapp
0%
St. Bonaventure Glenn Hagan
0%
11 NE Missouri Harry Galatin
0%
Eastern Michigan Harvey Marlatt
0%
Morris-Harvey Henry Dickerson
0%
Central Michigan James McElroy
0%
Utah Jeff Judkins
0%
New Mexico St Jim Bostic
0%
Wake Forest Jim Johnstone
0%
Purdue Jim Rowinski
0%
George Washington Joe Holup
0%
16 Washington Joe Holup
0%
Bradley Joe Strawder
0%
Bradley Joe Strawder
0%
Tennessee St. John Barnhill
0%
Richmond John Schweitz
0%
Seattle John Tresvant
0%
Villanova Keith Herron
0%
Rice Kenny Austin
0%
Missouri Kim English
0%
Marquette Larry McNeil
0%
Villa Madonna Larry Staverman
0%
Wake Forest Len Chappell
0%
Temple Mark Macon
0%
Minnesota Melvin Newburn
0%
24 Xavier, LA Nat Clifton
0%
Syracuse Rafael Addison
0%
Indiana Ray Tolbert
0%
UCLA Rodney Zimmerman
0%
27 Minnesota Ron Behagen
0%
Boston College Ron Crevier
0%
LSU Ron Dupree
0%
5 Bradley Shellie McMillon
0%
Bradley Shellie McMillon
0%
44 St. Johns Sonny Dove
0%
Xavier Stan Kimbrough
0%
San Diego St Steve Malovic
0%
Maryland Steve Sheppard
0%
Nebraska Stu Lantz
0%
Boston College Terry Driscoll
0%
32 Seattle Tom Workman
0%
Kentucky Tony Delk
0%
Wyoming Tony Windis
0%
Fresno St Tremaine Fowlkes
0%
Florida Vernon Macklin
0%
Iowa St Victor Alexander
0%
Minnesota Walter Bond
0%
Argentina Walter Hermann
0%
UAB Walter Sharpe
0%
Michigan Wayman Britt
0%
Kansas Wayne Hightower
0%
Iowa St Will Blalock
0%
Alcorn St Willie Norwood
0%
No matching quizzes found
Score Distribution
Percent of People with Each Score
Percentile by Number Answered
Your Score History
You have not taken this quiz